<?xml version="1.0" encoding="UTF-8"?><?xml-stylesheet type="text/xsl" href="static/style.xsl"?><OAI-PMH xmlns="http://www.openarchives.org/OAI/2.0/" xmlns:xsi="http://www.w3.org/2001/XMLSchema-instance" xsi:schemaLocation="http://www.openarchives.org/OAI/2.0/ http://www.openarchives.org/OAI/2.0/OAI-PMH.xsd"><responseDate>2026-04-17T16:09:35Z</responseDate><request verb="GetRecord" identifier="oai:www.recercat.cat:20.500.12694/7209" metadataPrefix="marc">https://recercat.cat/oai/request</request><GetRecord><record><header><identifier>oai:recercat.cat:20.500.12694/7209</identifier><datestamp>2025-12-18T12:09:39Z</datestamp><setSpec>com_2072_179042</setSpec><setSpec>col_2072_484474</setSpec></header><metadata><record xmlns="http://www.loc.gov/MARC21/slim" xmlns:dcterms="http://purl.org/dc/terms/" xmlns:xsi="http://www.w3.org/2001/XMLSchema-instance" xmlns:doc="http://www.lyncode.com/xoai" xsi:schemaLocation="http://www.loc.gov/MARC21/slim http://www.loc.gov/standards/marcxml/schema/MARC21slim.xsd">
   <leader>00925njm 22002777a 4500</leader>
   <datafield ind2=" " ind1=" " tag="042">
      <subfield code="a">dc</subfield>
   </datafield>
   <datafield ind2=" " ind1=" " tag="720">
      <subfield code="a">Ramírez Escudero, Daniel</subfield>
      <subfield code="e">author</subfield>
   </datafield>
   <datafield ind2=" " ind1=" " tag="260">
      <subfield code="c">2013-07-17</subfield>
   </datafield>
   <datafield ind2=" " ind1=" " tag="520">
      <subfield code="a">En aquest treball es relaten els esdeveniments que van donar peu a la relació simbiòtica entre Johann Sebastian Bach i l'oboè. És un escrit de caràcter divulgatiu, per al qual es van consultar tant fonts primàries com secundàries, les quals es plasmen aquí a manera de resum. Com a resultat d'aquesta relació, ens ha arribat la col·lecció més gran de música per a oboè solista mai escrita per un sol compositor.</subfield>
   </datafield>
   <datafield ind2=" " ind1=" " tag="520">
      <subfield code="a">En este trabajo se relatan los acontecimientos que dieron pie a la relación simbiótica entre Johann Sebastian Bach y el oboe. Es un escrito de carácter divulgativo, para el cual se consultaron tanto fuentes primarias como secundarias, las cuales se plasman aquí a manera de resumen. Como resultado de esta relación, nos ha llegado la colección más grande de música para oboe solista jamás escrita por un solo compositor.</subfield>
   </datafield>
   <datafield ind2=" " ind1=" " tag="520">
      <subfield code="a">In this paper, we recount the events leading to the symbiotic relationship between Johann Sebastian Bach and the oboe. It is an informative essay, for which both primary and secondary sources were consulted and are summarized here. As a result of this relationship, we have the largest collection of music for solo oboe ever written by a single composer.</subfield>
   </datafield>
   <datafield ind1="8" ind2=" " tag="024">
      <subfield code="a">http://hdl.handle.net/20.500.12694/7209</subfield>
   </datafield>
   <datafield tag="653" ind2=" " ind1=" ">
      <subfield code="a">TFG Música antiga</subfield>
   </datafield>
   <datafield tag="653" ind2=" " ind1=" ">
      <subfield code="a">Bach, Johann Sebastian, 1685-1750--Crítica i interpretació</subfield>
   </datafield>
   <datafield tag="653" ind2=" " ind1=" ">
      <subfield code="a">Bach, Johann Sebastian, 1685-1750. Música per a oboè</subfield>
   </datafield>
   <datafield tag="653" ind2=" " ind1=" ">
      <subfield code="a">Oboè, Música per a--Anàlisi i apreciació</subfield>
   </datafield>
   <datafield ind2="0" ind1="0" tag="245">
      <subfield code="a">El oboe según Bach: estudio sobre la utilización del oboe en la obra de Johann Sebastian Bach</subfield>
   </datafield>
</record></metadata></record></GetRecord></OAI-PMH>